000 01184cam a22003615i 4500
001 15864562
003 EG-ScBUE
005 20250813093615.0
008 090811r20172010ii a f bd 001 0 eng d
020 _a9780198757177
020 _a0198757174
040 _aEG-ScBUE
_beng
_erda
_cEG-ScBUE
_dEG-ScBUE
082 0 4 _a546
_bINO
_222
245 0 0 _aInorganic chemistry /
_cMark Weller, University of Bath, [and three others]
246 3 7 _aShriver & Atkin's inorganic chemistry
246 3 0 _aInorganic chemistry
250 _aSixth edition.
250 _aReprinted edition.
264 1 _aNew Delhi :
_bOxford University Press,
_c2017.
300 _axx, 875 pages :
_bcolor illustrations ;
_c28 cm
336 _2rdacontent
_atext
_btxt
337 _aunmediated
_2rdamedia
_bn
338 _avolume
_bnc
_2rdacarrier
500 _aIncludes online resource.
500 _aIncludes glossary.
504 _aIncludes bibliographical references and index.
650 7 _aChemistry, Inorganic.
_2BUEsh
653 _bENGCHE
_cApril2018
655 _vText book
_933728
700 1 _aWeller, Mark T.,
_eauthor.
856 4 0 _uwww.oxfordtextbooks.co.uk/orc/ichem6e
942 _2ddc
_cBB
999 _c26509
_d26481